000 00685nam a2200181Ia 4500
008 151202s9999||||xx |||||||||||||| ||und||
082 _bPNVM-72094
100 _aमतकरी रत्नाकर.
245 _aरसगंध आस्वादक समीक्षा.
260 _b"नवचैतन्य प्रकाशन,बोरोवली."
260 _c7209
300 _a206
600 _aमतकरी रत्नाकर.
630 _aरसगंध आस्वादक समीक्षा.
700 _aमतकरी रत्नाकर.
730 _aरसगंध आस्वादक समीक्षा.
942 _cBOOK
999 _c1338762
_d1338759